Voos com origem em Maceió (MCZ) - Statistics

Estatísticas Gerais
  • Esse quiz foi jogado 18 vezes
  • A pontuação média é 14 de 23
Estatísticas das Respostas
Cia aérea Destino % Correto
Azul, Gol Rio de Janeiro-Galeão
100%
Gol, LATAM São Paulo-Guarulhos
100%
Azul, Gol Belo Horizonte-Confins
93%
Azul, Gol, LATAM Brasília
93%
Azul, Gol, LATAM São Paulo-Congonhas
93%
Azul Cuiabá
87%
TAP Lisboa
87%
Azul Goiânia
80%
Azul Recife
80%
Gol Buenos Aires-Ezeiza
67%
Azul, Gol Campinas
67%
Gol Salvador
60%
Azul Campina Grande
47%
Azul Ribeirão Preto
47%
Azul Uberlândia
47%
Flybondi Córdoba
40%
Azul Londrina
40%
Azul São José do Rio Preto
40%
Azul Araçatuba
27%
Azul Bauru/Arealva
27%
Azul Uberaba
27%
Azul Cascavel
20%
Azul Presidente Prudente
20%
Nenhum quiz correspondente encontrado
Distribuição das Pontuações
Porcentagem de Pessoas com Cada Pontuação
Percentil de Números Respondidos
Sua Pontuação Histórica
Você não jogou esse quiz